Hittiputki sanat - Statistics

Yleistilastot
  • Tätä visaa on pelattu 56 kertaa
  • Keskiarvotulos 281 / 500
Vastaustilastot
Vihje Vastaus % Oikein
on
92%
on,
92%
On
92%
oo noo no noo
89%
se
89%
Lea Laven Se
89%
sen,
89%
sen
89%
tähti
89%
en
87%
ja
87%
Ja
87%
jo
87%
I
84%
la
84%
Lalala
84%
lalala
84%
ei
82%
Ei
82%
(ei
82%
82%
82%
oo
82%
oo)
82%
Katri Helena Oo,
82%
Lea Laven Oo
82%
juu
79%
(juu)
79%
Katri Helena Katson
76%
mua
76%
nyt
76%
sinne
76%
ties
76%
an
74%
Kuin
74%
kuin
74%
kun
74%
Kun
74%
mies
74%
no
74%
oli
74%
rakas
74%
ruskea
74%
San
74%
silmät,
74%
sydän
74%
taivaan,
74%
taivaan
74%
tukka
74%
vaan
74%
Aa aa
71%
hän
71%
kauhean
71%
kirkkain
71%
komea
71%
kuka
71%
mun
71%
niin
71%
Lea Laven Niin
71%
sellainen
71%
sineen
71%
Paula Koivuniemi Tummat
71%
tuu
71%
vie
71%
Katri Helena Vie
71%
Marion Rung El
68%
enkä
68%
jää
68%
kuuntelen
68%
nään
68%
näin
68%
Näin
68%
onnistuu
68%
rukka
68%
sano
68%
Taas
68%
Tomppaa
68%
Marion Rung Tom x6
68%
vain
68%
vei
68%
kotiin
66%
kyllä
66%
ohjaa
66%
Ohjaa
66%
saa
66%
saa, ahaa (ahaa)
66%
sah
66%
sain
66%
sua
66%
tipu
66%
vähän
66%
vähän,
66%
hylkäisi
63%
jokainen
63%
juuri
63%
kai
63%
Kaikki
63%
kerran
63%
Kerran
63%
Koskaan
63%
lämpöö,
63%
niitä
63%
nyt
63%
Nyt
63%
Paula Koivuniemi Sata
63%
so
63%
vaivaan,
63%
valo
63%
voi
63%
anna
61%
Katri Helena Anna
61%
blanca
61%
elämään
61%
hiirtä
61%
kesää
61%
kissa
61%
kuinka
61%
kuulen
61%
me
61%
mulle
61%
Niihin
61%
omanain
61%
Omanain,
61%
omanain,
61%
pyynnöin
61%
rakastetun
61%
Sata kesää tuhat yötä
61%
sille
61%
sun
61%
thank
61%
tuhat
61%
yötä
61%
(Anna edes ...)
58%
edes
58%
favor,
58%
hear
58%
jos
58%
komppaa
58%
langeta
58%
luona
58%
lyö,
58%
maa
58%
Mut
58%
naamaa
58%
päin:
58%
por
58%
rakkautta
58%
rummut
58%
Sanoin
58%
Marion Rung Señorita
58%
Silloin
58%
silloin
58%
tähtitaivas,
58%
the
58%
you
58%
yrittää
58%
ainakin,
55%
häntä
55%
illan
55%
it
55%
kanssasi
55%
kisaili
55%
kitara
55%
Lintu
55%
maan
55%
minnekään
55%
minut,
55%
minut
55%
music
55%
pimeään
55%
Rakastan
55%
Rakkaus
55%
soiton
55%
sydämeen
55%
sydämen
55%
tähän
55%
tuo
55%
valvoisin,
55%
Yhden
55%
aamurusko,
53%
Es
53%
jään
53%
jonnekin
53%
kauas,
53%
käy,
53%
lääninveijari
53%
Paula Koivuniemi Luotan
53%
missä
53%
Missä
53%
nukka
53%
paloma
53%
tahdon
53%
tiesin
53%
usko
53%
yksinäiseen
53%
ääneen
50%
aikaan
50%
Espanja
50%
juo
50%
Lämpöinen
50%
oisit
50%
poskensa
50%
rohkeuteen
50%
Syrjällään
50%
tunnen
50%
äläkä
47%
Bimbo
47%
että
47%
how
47%
huomiseen
47%
Huulillain
47%
jaksan
47%
kaikkineen,
47%
mukana
47%
pian,
47%
Pois
47%
Lea Laven Shampanjaa,
47%
Shampanjaa
47%
Sitten
47%
takaisin
47%
tänään
47%
unohtaa
47%
vapauttain,
47%
viedä
47%
voin
47%
ainaiseksi
45%
hilpeät
45%
itkuni
45%
kaikille
45%
kukaan
45%
milloinka
45%
mutta
45%
raapaisee, oujee, oujee
45%
rakastuu
45%
rohkeutta,
45%
sydänten
45%
That's
45%
tiikerin
45%
yhteinen
45%
aikamies
42%
ajatelkaa,
42%
goes
42%
hidalgot
42%
huoleton
42%
in
42%
kaksi
42%
kiihkeänä
42%
kokee
42%
nuo
42%
pisaroi
42%
rakkauteen,
42%
sydämeni
42%
asti
39%
aurinko
39%
Bimbon
39%
helminä
39%
ihanasti
39%
ilon
39%
Juan
39%
Juan,
39%
kuulee
39%
Kylmän
39%
lämpimään
39%
loppuun
39%
Mieli
39%
nauravan
39%
nimi
39%
solei solei (solei lei)...
39%
Tassut
39%
Tunneleikki
39%
vaistota
39%
väreet
39%
varkain
39%
Ensin
37%
Hetkeen
37%
ihastuu
37%
Kahleeni
37%
lasit
37%
paikan
37%
poistaa
37%
täyttäkää
37%
tunteiden
37%
viimeiseen
37%
villi
37%
Elän
34%
Eviva
34%
huomenna
34%
iloita
34%
kohtalon
34%
loistaa
34%
maljoissa
34%
paremmaksi
34%
silmissäni
34%
vielä
34%
yllättäin
34%
elämäni
32%
kaikilta
32%
kaipuu
32%
Pysy
32%
rauhaa
32%
Sulle
32%
tarvii
32%
ees
29%
Eikä
29%
halkee
29%
kaiken
29%
kuuluessain
29%
kylmyyden
29%
Merkkikieli
29%
muuttui
29%
sanojakaan
29%
vuoks
29%
Aivan
26%
Tuon
26%
vaikka
26%
elon
24%
da
16%
(hei, hei)
16%
ist
16%
Mann
13%
ihm
11%
kam
11%
kein
11%
hier
8%
"Ich
8%
mich
8%
mit
8%
Und
8%
Denn
5%
Der
5%
Don
5%
Er
5%
habe
5%
lieb
5%
nur
5%
wie
5%
zurück
5%
allein
3%
bei
3%
Blick
3%
dir
3%
eingeseh'n,
3%
erging's
3%
frohem
3%
großen
3%
kann
3%
manchem
3%
schön"
3%
schon
3%
sein
3%
sprach:
3%
Ehtoja vastaavia visoja ei löytynyt
Tulosjakauma
Jokaisen tuloksen saaneiden osuus
Persentiili vastausten määrän mukaan
Tuloshistoriasi
Et ole pelannut tätä visaa